Normal view
MARC view
- Fatima, Syeda Faizan
Entry Personal Name
001 - CONTROL NUMBER
- control field: 118393
003 - CONTROL NUMBER IDENTIFIER
- control field: NUST
005 - DATE AND TIME OF LATEST TRANSACTION
- control field: 20231006114643.0
008 - FIXED-LENGTH DATA ELEMENTS
- fixed length control field: 231006|| aca||aabn | a|a d
040 ## - CATALOGING SOURCE
- Original cataloging agency: NUST
- Transcribing agency: NUST
100 ## - HEADING--PERSONAL NAME
- Personal name: Fatima, Syeda Faizan
670 ## - SOURCE DATA FOUND
- Source citation: Work cat.: (NUST): Fatima, Syeda Faizan, Self Supervised Crop Type Classification using MultiSpectral Remote Sensing
